LIBRARY & INFORMATION CENTRE, KCAET, TAVANUR

ONLINE PUBLIC ACCESS CATALOGUE (OPAC)

Deciphering of groundwater from aerial photographs / (Record no. 9776)

MARC details
000 -LEADER
fixed length control field 00487cam a2200181ua 4500
041 ## - LANGUAGE CODE
Language code of text/sound track or separate title eng
082 ## - DEWEY DECIMAL CLASSIFICATION NUMBER
Classification number 551.49
Item number NEF/DE
100 ## - MAIN ENTRY--AUTHOR NAME
Personal name Nefedov, K E .
245 ## - TITLE STATEMENT
Title Deciphering of groundwater from aerial photographs /
250 ## - EDITION STATEMENT
Edition statement 1 /
260 ## - PUBLICATION, DISTRIBUTION, ETC. (IMPRINT)
Place of publication New Delhi :
Name of publisher Amerind Publishing Co Pvt Ltd ,
Year of publication 1972.
300 ## - PHYSICAL DESCRIPTION
Number of Pages 191 ; .
700 1# - ADDED ENTRY--PERSONAL NAME
Personal name Popova, T A .
942 ## - ADDED ENTRY ELEMENTS (KOHA)
Koha item type Books
Holdings
Withdrawn status Lost status Damaged status Home library Current library Date acquired Full call number Accession Number Koha item type
      KAUAET KAUAET 07/04/2012 551.49 NEF/DE 16988 Books
free website counter